000 00902nas a2200301 4500
001 BR2019001039
003 BR-BrBNA
005 20231205131751.0
007 ta
008 230509b bl.|||p| |||| 00| 00por d
040 _aBR-BrBNA
_bpor
_cBiblioteca Nacional de Agricultura
041 _a(En)
072 _aF30
100 1 _aYamada, M.M.
100 1 _aMonteiro, W.R.
100 1 _aLopes, U.V.
100 1 _aPires, J.L.
100 1 _aBartley, B.G.D.
100 1 _aSantos, R.F. dos
245 1 _aDetermination of incompatibility alleles of Scavina 6 (Theobroma cacao L.)clone in farm selections
650 _aCACAU
650 _aSELEÇÃO
650 _aGERMOPLASMA
773 0 _tAgrotrópica (Brazil)
_xISSN 0103-3816
_g(May-Aug 2013), v. 25(2) p. 93-96
_wBR2019001039
856 4 0 _dLink DSPACE/MAPA BR2019001039
909 _a202311
_bLúcia
_c55
_dLúcia Elande
942 _2AGRIS
_n0
_cANA
999 _c256573
_d256573